Anglická obchodní korespondence pro 3. a 4. ročník hospodářských škol se čtyřletým studiem

Guardado en:
Detalles Bibliográficos
Formato: Libro
Lenguaje:checo
Publicado: Praha Státní pedagogické nakladatelství 1957
Colección:Učebnice odborných škol
Etiquetas: Agregar Etiqueta
Sin Etiquetas, Sea el primero en etiquetar este registro!

MARC

LEADER 00000nam a2200000 4500
001 c122753
005 20250711075117.0
041 0 |a cze 
044 |a CZ 
245 1 0 |a Anglická obchodní korespondence pro 3. a 4. ročník hospodářských škol se čtyřletým studiem 
264 1 |a Praha  |b Státní pedagogické nakladatelství  |c 1957 
300 |a 136 s. 
490 1 |a Učebnice odborných škol 
830 0 |a Učebnice odborných škol